Seven monsoons / (Record no. 18690)

MARC details
000 -LEADER
fixed length control field 00629nam a22002297a 4500
001 - CONTROL NUMBER
control field AUWbook033530
003 - CONTROL NUMBER IDENTIFIER
control field BDCtgAUW
005 - DATE AND TIME OF LATEST TRANSACTION
control field 20260429211923.0
008 - FIXED-LENGTH DATA ELEMENTS--GENERAL INFORMATION
fixed length control field 260427b bg ||||| |||| 00| 0 eng d
020 ## - INTERNATIONAL STANDARD BOOK NUMBER
International Standard Book Number 9789849991403
040 ## - CATALOGING SOURCE
Original cataloging agency BDCtgAUW
Transcribing agency BDCtgAUW
041 0# - LANGUAGE CODE
Language code of text/sound track or separate title eng
-- ben
050 #4 - LIBRARY OF CONGRESS CALL NUMBER
Classification number PK1718
Item number .S4 2026
245 00 - TITLE STATEMENT
Title Seven monsoons /
Statement of responsibility, etc. edited by Rubana Huq.
260 ## - PUBLICATION, DISTRIBUTION, ETC.
Place of publication, distribution, etc. Dhaka :
Name of publisher, distributor, etc. Monsoonletters,
Date of publication, distribution, etc. 2026.
300 ## - PHYSICAL DESCRIPTION
Extent 175 pages :
Other physical details pictures;
Dimensions 24cm.
500 ## - GENERAL NOTE
General note English and Bengali language.
650 #4 - SUBJECT ADDED ENTRY--TOPICAL TERM
Topical term or geographic name entry element Poetry
700 1# - ADDED ENTRY--PERSONAL NAME
Personal name Huq, Rubana.
Relator term editor
9 (RLIN) 91692
887 ## - NON-MARC INFORMATION FIELD
Source of data 8
Content of non-MARC field Papia Akter
888 ## -
-- 8
942 ## - ADDED ENTRY ELEMENTS (KOHA)
Source of classification or shelving scheme Library of Congress Classification
Koha item type Books
Suppress in OPAC No
Koha issues (borrowed), all copies 2
Holdings
Withdrawn status Lost status Source of classification or shelving scheme Damaged status Not for loan Collection Home library Current library Shelving location Date acquired Source of acquisition Total Checkouts Full call number Barcode Date last seen Date last checked out Price effective from Koha item type
    Library of Congress Classification     Fiction Asian University for Women Library Asian University for Women Library Poetry Corner 26/04/2026 Rubana Huq 2 PK1718 .S4 2026 033530 28/04/2026 28/04/2026 27/04/2026 Books
    Library of Congress Classification     Fiction Asian University for Women Library Asian University for Women Library Poetry Corner 26/04/2026 Rubana Huq   PK1718 .S4 2026 033531 27/04/2026   27/04/2026 Books
    Library of Congress Classification     Fiction Asian University for Women Library Asian University for Women Library Poetry Corner 26/04/2026 Rubana Huq   PK1718 .S4 2026 033532 27/04/2026   27/04/2026 Books
    Library of Congress Classification     Fiction Asian University for Women Library Asian University for Women Library Poetry Corner 26/04/2026 Rubana Huq   PK1718 .S4 2026 033533 27/04/2026   27/04/2026 Books
    Library of Congress Classification     Fiction Asian University for Women Library Asian University for Women Library Poetry Corner 26/04/2026 Rubana Huq   PK1718 .S4 2026 033534 27/04/2026   27/04/2026 Books
    Library of Congress Classification     Fiction Asian University for Women Library Asian University for Women Library Poetry Corner 26/04/2026 Rubana Huq   PK1718 .S4 2026 033535 27/04/2026   27/04/2026 Books
    Library of Congress Classification     Fiction Asian University for Women Library Asian University for Women Library Poetry Corner 26/04/2026 Rubana Huq   PK1718 .S4 2026 033536 27/04/2026   27/04/2026 Books
    Library of Congress Classification     Fiction Asian University for Women Library Asian University for Women Library Poetry Corner 26/04/2026 Rubana Huq   PK1718 .S4 2026 033537 27/04/2026   27/04/2026 Books
    Library of Congress Classification     Fiction Asian University for Women Library Asian University for Women Library Poetry Corner 26/04/2026 Rubana Huq   PK1718 .S4 2026 033538 27/04/2026   27/04/2026 Books
    Library of Congress Classification     Fiction Asian University for Women Library Asian University for Women Library Poetry Corner 26/04/2026 Rubana Huq   PK1718 .S4 2026 033539 27/04/2026   27/04/2026 Books